00837cam a2200265 a 450000100090000000300050000900500170001400800410003101000170007202000310008902000280012003500240014804000350017204300120020705000220021908200180024124500660025925000120032526000310033730000340036850400510040265000560045365000410050970000210055016441461Nust20180117090019.0100831s2012 maua b 001 0 eng  a 2010037489 a9780205012671 (alk. paper) a0205012671 (alk. paper) a(OCoLC)ocn660162029 aDLCcDLCdYDXdYDXCPdBWXdDLC an-us---00aJK765b.P947 201200a352.6097322200aPublic personnel management /c[edited by] Norma M. Riccucci. a5th ed. aBoston :bLongman,cc2012. avii, 232 p. :bill. ;c23 cm. aIncludes bibliographical references and index. 0aCivil servicezUnited StatesxPersonnel management. 0aCivil servicexPersonnel management.1 aRiccucci, Norma.